| 000 | 00837nam a2200217 i 4500 | ||
|---|---|---|---|
| 001 | 132179 | ||
| 003 | ES-MaACL | ||
| 005 | 20250829124027.0 | ||
| 007 | t| | ||
| 008 | 070214s1946 sp af |||| | spa d | ||
| 100 | 1 |
_aRodríguez Vicente, A. _998853 |
|
| 245 | 1 | 0 |
_aHigiene de la edad escolar o Paidocultura / _cpor el Dr. A. Vicente Rodríguez ; prólogo del Dr. C. Sáinz de los Terreros. |
| 246 | 3 | 0 | _aPaidocultura |
| 260 |
_aMadrid : _bConsejo Superior de Investigaciones Científicas, Instituto de Pedagogía San José de Calasanz, _c1946. |
||
| 300 |
_a583 p., [1] h. pleg. de lám. : _bil. ; _c25 cm. |
||
| 650 | 4 |
_aHigiene escolar. _9147625 |
|
| 700 | 1 |
_aSainz de los Terreros, Carlos. _9101587 |
|
| 710 | 2 |
_aInstituto San José de Calasanz de Pedagogía _9163009 |
|
| 852 |
_aES-MaACL _jE-2298 |
||
| 999 |
_c132179 _d132179 |
||